[Event "CZE-Cup11 fin corr"]
[Site "Czechia"]
[Date "2004.06.05"]
[Round "2"]
[White "Chvojka, Jaroslav"]
[Black "Valenta, Josef"]
[Result "1-0"]
[WhiteElo "2125"]
[BlackElo "2160"]
[PlyCount "127"]
[EventDate "2004.??.??"]
[EventType "tourn (corr)"]
[EventRounds "15"]
[EventCountry "CZE"]
[SourceTitle "Corr 2006"]
[Source "ChessBase"]
[SourceDate "2006.04.01"]
[SourceVersion "3"]
[SourceVersionDate "2006.04.01"]
[SourceQuality "1"]

1. d4 Nf6 2. Bg5 c6 3. Nc3 Qb6 4. Rb1 d5 5. e3 Bg4 6. f3 Bf5 7. Bd3 h6 8. Bxf6 Bxd3 9. Qxd3 gxf6 10. Nge2 Rg8 11. 0-0 e6 12. Qh7 Rg5 13. Qh8 Nd7 14. h4 Rg7 15. Nf4 e5 16. Nh5 Rg6 17. Ne2 f5 18. Qh7 f4 19. exf4 exd4 20. Kh2 Nf6 21. Nxf6+ Rxf6 22. Ng3 0-0-0 23. Nh5 c5 24. Nxf6 Qxf6 25. g3 Bd6 26. Qd3 Bxf4 27. Kh3 c4 28. Qe2 Qf5+ 29. g4 Qf6 30. Rbe1 Be3 31. b3 c3 32. f4 h5 33. gxh5 Rg8 34. f5 Re8 35. Qg2 Re4 36. Qg3 Qh8 37. h6 Bxh6 38. Rxe4 dxe4 39. Qg4 Qe8 40. Re1 Be3 41. h5 Kb8 42. h6 Qh8 43. Qg3+ Kc8 44. Qg7 Qxh6+ 45. Qxh6 Bxh6 46. Rxe4 Bg7 47. Kg4 d3 48. cxd3 b5 49. Re2 b4 50. Re4 a5 51. Rc4+ Kd8 52. Kf4 Kd7 53. d4 Bf8 54. d5 Bd6+ 55. Ke3 Be7 56. Rc6 Bg5+ 57. Kd3 Bd8 58. a4 bxa3 59. Kxc3 Be7 60. Kc2 Bb4 61. Kb1 Bd6 62. Ka2 Be7 63. f6 Bb4 64. Ra6 1-0